| 000 | 00866cab a2200253 4500 | ||
|---|---|---|---|
| 001 | WB3429-18 | ||
| 008 | 090401t1998 xxu||||| |||| 00| 0 eng d | ||
| 035 | _a(Sirsi) u87689 | ||
| 041 | _aeng | ||
| 245 | _aLondon Residential Investment Index | ||
| 260 | _c1998 | ||
| 350 | _a0 | ||
| 490 |
_aProperty Week _v63(14) 24 July 1998, 16(1) |
||
| 520 | _aLooks at figures from the London Residential Investment Index compiled by the Investment Property Databank and Cluttons Daniel Smith, which has been eagerly awaited but which is distorted in some ways. Includes graphs. | ||
| 650 | _aBENCHMARK | ||
| 650 | _aHOUSING INVESTMENT | ||
| 650 | _aIPD INDEX | ||
| 650 | _aLONDON RESIDENTIAL INVESTMENT INDEX | ||
| 650 | _aPROPERTY INDEXES | ||
| 650 | _aSTATISTICS | ||
| 690 | _aPROPERTY-PROPERTY FINANCE AND INVESTMENT | ||
| 942 | _n0 | ||
| 948 | _c28/07/1998 | ||
| 999 |
_c55322 _d55322 |
||